000 00471nam a2200157Ia 4500
005 20250508153300.0
008 008 250505s9999 xx 000 0 eng d
037 _aBooks to be hide in OPAC
040 _aFEDL
_beng
_cFEDL
041 _aeng
_2eng
084 _a370.706, ALL/O
_qFEDL
245 0 _aReport of the study group on the education of secondary teachers in India
300 _a107p.
942 _cHB
_h370.706, ALL/O
999 _c1341722
_d1341722